00609nam a2200157Ia 4500003000400000005001700004008004000021040000700061041001200068082001600080100016000096245008200256260009100338300001000429650001200439OSt20250830092441.0210210b1996 xxu||||| |||| 00| 0 eng d cAL aKannada aK894.8 DURM aDURGADAS (K R) mattu ANANDAMURTHY (G V).dದುರ್ಗಾದಾಸ್ (ಕೆ ಅರ್) ಮತ್ತು ಆನಂದಮೂರ್ತಿ (ಜಿ ವಿ) aMuru dalitha kammatagalubಮೂರೂ ದಲಿತ ಕಮ್ಮಟಗಳು  aBengaluru.bKannada mattu Samskrathi Nirdeshanalaya, Karnataka Sahitya Akademi.,c1996 av,136 aDalitha